Get the Picture: Hogwarts House Facts Quiz Stats

 Plays Quiz Updated Mar 15, 2019

Score 0/16 Timer 03:00
14 Plays Today
Question Answer Wrong Answers
Common room is located in the dungeons Slytherin
91.4%
Gryffindor
1.4%
Ravenclaw
1.2%
Hufflepuff
1.8%
Values courage, bravery, nerve, and chivalry Gryffindor
90.6%
Slytherin
1.5%
Ravenclaw
2.2%
Hufflepuff
1.7%
Common room entrance is guarded by the Fat Lady Gryffindor
88.5%
Slytherin
1.1%
Ravenclaw
2.8%
Hufflepuff
3.5%
House into which Oliver Wood was sorted Gryffindor
84.5%
Slytherin
1.6%
Ravenclaw
4.3%
Hufflepuff
5.6%
Values intelligence, creativity, learning, and wit Ravenclaw
83.8%
Gryffindor
4%
Slytherin
1.9%
Hufflepuff
6.2%
Values ambition, cunning, leadership, and resourcefulness Slytherin
83%
Gryffindor
6.2%
Ravenclaw
3.8%
Hufflepuff
3%
House ghost is the Bloody Baron Slytherin
82.8%
Gryffindor
4.6%
Ravenclaw
4.9%
Hufflepuff
3.8%
House ghost is the Fat Friar Hufflepuff
82.6%
Gryffindor
3.1%
Slytherin
2.6%
Ravenclaw
7.4%
Home to Hogwarts Triwizard champion Cedric Diggory Hufflepuff
82.1%
Gryffindor
5.9%
Slytherin
1.5%
Ravenclaw
6.3%
Won the House Cup in Harry's first year at Hogwarts Gryffindor
81.7%
Slytherin
9.5%
Ravenclaw
2.9%
Hufflepuff
1.8%
Quidditch seekers included Cho Chang Ravenclaw
81.1%
Gryffindor
4.4%
Slytherin
1.8%
Hufflepuff
8.8%
House into which Blaise Zabini was sorted Slytherin
78.9%
Gryffindor
3.8%
Ravenclaw
6%
Hufflepuff
7.1%
Common room is protected by a riddle, rather than a password Ravenclaw
78.1%
Gryffindor
5.1%
Slytherin
7%
Hufflepuff
5.5%
Values hard work, patience, justice, and loyalty Hufflepuff
77.6%
Gryffindor
9.3%
Slytherin
1.3%
Ravenclaw
7.9%
Only common room that Harry Potter never entered Hufflepuff
76.5%
Gryffindor
3.1%
Slytherin
7%
Ravenclaw
9.5%
Head of House was Filius Flitwick Ravenclaw
74.9%
Gryffindor
2.4%
Slytherin
2.6%
Hufflepuff
16.1%

Today's Daily Dose

Missing Word
Video Games (A-Z)

Get the Picture
Tom Hanks

You're not logged in!

Compare scores with friends on all Sporcle quizzes.
OR
Log In

Sporcle TV

Today on Sporcle TV


Watch our educational content, quiz creation guides, and fun videos on Sporcle TV.

Show Comments

Extras

Top Quizzes Today


Score Distribution

Your Account Isn't Verified!

In order to create a playlist on Sporcle, you need to verify the email address you used during registration. Go to your Sporcle Settings to finish the process.

Report this User

Report this user for behavior that violates our Community Guidelines.

Details: